| 000 | 00611nam a22001817a 4500 | ||
|---|---|---|---|
| 003 | OSt | ||
| 005 | 20251126105641.0 | ||
| 008 | 251126b |||||||| |||| 00| 0 eng d | ||
| 020 | _a971-8510-71-0. | ||
| 040 |
_aDWCL-Main lib _cOC |
||
| 082 |
_23rd ed. _aFil. 624.1 B554s 1999 |
||
| 100 | _aVenancio I. Besavilla Jr. | ||
| 245 |
_aStructural engineering and construction: _bVolume 2 _cVenancio I. Besavilla Jr. |
||
| 260 |
_aCebu: _bBesavilla Engineering Review Center, _cc1999. |
||
| 300 |
_a658 pages : _billustration ; _c21 cm. |
||
| 650 | _21. Structural engineering. | ||
| 942 |
_2ddc _cBK - FIL _e3rd ed. _kFil. _n0 |
||
| 999 |
_c6374 _d6374 |
||